Arabic and its alternatives : religious minorities and their languages in the emerging nation states of the Middle East (1920-1950) /

"Arabic and its Alternatives discusses the complicated relationships between language, religion and communal identities in the Middle East in the period following the First World War. This volume takes its starting point in the non-Arabic and non-Muslim communities, tracing their linguistic and...

Full description

Saved in:

Other Authors: Baarda, Tijmen C. (Editor), Murre-van den Berg, H. L. 1964- (Illustrator), Sanchez-Summerer, Karene (Editor)

Format: eBook

Language: English

Published: Leiden Boston : BRILL, 2020.

Series: Christians and Jews in Muslim Societies; volume 5.
Middle East and Islamic Studies E-Books Online, Collection 2020, ISBN: 9789004405868.

Subjects:

Online Access: Login to view Source

Tags: Add Tag

No Tags, Be the first to tag this record!

Call Number: P381.M53 A73 2020

LEADER 05198cam a22005655i 4500
001 BRILL9789004423220
003 nllekb
005 20211118222410.0
006 m d
007 cr un uuuua
008 200108s2020 mau 001 0 eng
020 |a 9789004423220  |q (electronic book) 
020 |z 9789004382695  |q (print) 
024 7 |a 10.1163/9789004423220  |2 DOI 
035 |z (OCoLC)1135935939 
040 |a NL-LeKB  |c NL-LeKB  |e rda 
043 |a aw----- 
050 0 0 |a P381.M53  |b A73 2020 
072 7 |a HBJF1  |2 bicssc 
072 7 |a HIS  |x 03000  |2 bisacsh 
072 7 |a HIS  |x 26000  |2 bisacsh 
082 0 0 |a 306.44/0956  |2 23 
245 0 0 |a Arabic and its alternatives :  |b religious minorities and their languages in the emerging nation states of the Middle East (1920-1950) /  |c edited by Heleen Murre-van den Berg, Karène Sanchez, Tijmen C. Baarda. 
264 1 |a Leiden Boston :  |b BRILL,  |c 2020. 
300 |a 1 online resource. 
336 |a text  |b txt  |2 rdacontent 
337 |a unmediated  |b n  |2 rdamedia 
338 |a volume  |b nc  |2 rdacarrier 
490 1 |a Christians and Jews in Muslim Societies;  |v volume 5 
490 1 |a Middle East and Islamic Studies E-Books Online, Collection 2020, ISBN: 9789004405868 
500 |a Includes index. 
505 0 |a Preface / Heleen Murre-van den Berg -- Note on Transcription -- Notes on Contributors -- 1. Arabic and Its Alternatives: Language and Religion in the Ottoman Empire and Its Successor States / Heleen Murre-van den Berg -- 2. Vernacularization as Governmentalization: the Development of Kurdish in Mandate Iraq / Michiel Leezenberg -- 3. "Yan, Of, Ef, Viç, İç, İs, Dis, Pulos ...": the Surname Reform, the "Non-Muslims," and the Politics of Uncertainty in Post-genocidal Turkey / Emmanuel Szurek -- 4. "Young Phoenicians" and the Quest for a Lebanese Language: between Lebanonism, Phoenicianism, and Arabism / Franck Salameh -- 5. "Those Who Pronounce the Ḍād": Language and Ethnicity in the Nationalist Poetry of Fuʾad al-Khatib (1880-1957) / Peter Wien -- 6. Arabic and the Syriac Christians in Iraq: Three Levels of Loyalty to the Arabist Project (1920-1950) / Tijmen C. Baarda -- 7. Awakening, or Watchfulness: Naum Faiq and Syriac Language Poetry at the Fall of the Ottoman Empire / Robert Isaf -- 8. Global Jewish Philanthropy and Linguistic Pragmatism in Baghdad / Sasha R. Goldstein-Sabbah -- 9. Past Perfect: Jewish Memories of Language and the Politics of Arabic in Mandate Palestine / Liora R. Halperin -- 10. United by Faith, Divided by Language: the Orthodox in Jerusalem / Merav Mack --11. Arabic vs. Greek: the Linguistic Aspect of the Jerusalem Orthodox Church Controversy in Late Ottoman Times and the British Mandate / Konstantinos Papastathis -- 12. Between Local Power and Global Politics: Playing with Languages in the Franciscan Printing Press of Jerusalem / Leyla Dakhli --13. Epilogue / Cyrus Schayegh -- Index. 
520 |a "Arabic and its Alternatives discusses the complicated relationships between language, religion and communal identities in the Middle East in the period following the First World War. This volume takes its starting point in the non-Arabic and non-Muslim communities, tracing their linguistic and literary practices as part of a number of interlinked processes, including that of religious modernization, of new types of communal identity politics and of socio-political engagement with the emerging nation states and their accompanying nationalisms. These twentieth-century developments are firmly rooted in literary and linguistic practices of the Ottoman period, but take new turns under influence of colonization and decolonization, showing the versatility and resilience as much as the vulnerability of these linguistic and religious minorities in the region. Contributors are Tijmen C. Baarda, Leyla Dakhli, Sasha R. Goldstein-Sabbah, Liora R. Halperin, Robert Isaf, Michiel Leezenberg, Merav Mack, Heleen Murre-van den Berg, Konstantinos Papastathis, Franck Salameh, Cyrus Schayegh, Emmanuel Szurek, Peter Wien". 
650 0 |a Language and culture  |z Middle East  |x History. 
650 0 |a Languages in contact  |z Middle East  |x History. 
650 0 |a Linguistic minorities  |z Middle East  |x History. 
650 0 |a Minorities  |z Middle East  |x History. 
650 0 |a Multilingualism  |z Middle East  |x History. 
650 0 |a Religious minorities  |z Middle East  |x History. 
651 0 |a Middle East  |x Languages. 
700 1 |a Baarda, Tijmen C.,  |e editor. 
700 1 |a Murre-van den Berg, H. L.  |q (Hendrika Lena),  |d 1964-  |e illustrator. 
700 1 |a Sanchez-Summerer, Karene,  |e editor. 
776 0 8 |i Print version:  |t Arabic and its alternatives: religious minorities and their languages in the emerging nation states of the Middle East (1920-1950),   |d Leiden Boston: BRILL, 2020  |w 9789004382695 
830 0 |a Christians and Jews in Muslim Societies;  |v volume 5. 
830 0 |a Middle East and Islamic Studies E-Books Online, Collection 2020, ISBN: 9789004405868. 
856 4 |z DOI:   |u http://dx.doi.org/10.1163/9789004423220 
942 |2 lcc  |c EBOOK 
952 |0 0  |1 0  |2 lcc  |4 0  |7 1  |9 23104  |a BRILL  |b BRILL  |d 2021-11-18  |l 0  |r 2021-11-18 00:00:00  |w 2021-11-18  |y EBOOK 
999 |c 40578  |d 40578